Gminy powiatu lublinieckiego - Statystyki

Ogólne statystyki
  • Ten quiz został rozwiązany 42 razy
  • Średni wynik to 6 z 8
Statystyki odpowiedzi
Podpowiedź Odpowiedź % Poprawnych
Miejska Lubliniec
97%
Miejsko-wiejska Woźniki
79%
Wiejska Koszęcin
74%
Wiejska Herby
65%
Wiejska Kochanowice
65%
Wiejska Pawonków
65%
Wiejska Boronów
59%
Wiejska Ciasna
53%
Nie znaleziono quizów pasujących do podanych kryteriów
Rozkład punktacji
Procent ludzi z każdym wynikiem
Percentyl według liczby udzielonych odpowiedzi
Twoja historia wyników
Nie rozwiązałeś tego quizu